<?xml version="1.0" encoding="UTF-8"?>
<record
    xmlns:xsi="http://www.w3.org/2001/XMLSchema-instance"
    xsi:schemaLocation="http://www.loc.gov/MARC21/slim http://www.loc.gov/standards/marcxml/schema/MARC21slim.xsd"
    xmlns="http://www.loc.gov/MARC21/slim">

  <leader>01152cam a2200337 i 4500</leader>
  <datafield tag="999" ind1=" " ind2=" ">
    <subfield code="c">76234</subfield>
    <subfield code="d">76234</subfield>
  </datafield>
  <controlfield tag="001">C2-0267222</controlfield>
  <controlfield tag="003">PPAK</controlfield>
  <controlfield tag="005">20190210151345.0</controlfield>
  <controlfield tag="008">050912r20182004my o   e b      0   eng d</controlfield>
  <datafield tag="020" ind1=" " ind2=" ">
    <subfield code="a">9830371220</subfield>
  </datafield>
  <datafield tag="020" ind1=" " ind2=" ">
    <subfield code="a">9789830371221</subfield>
    <subfield code="q">hardback</subfield>
    <subfield code="c">RM 130.00</subfield>
  </datafield>
  <datafield tag="040" ind1=" " ind2=" ">
    <subfield code="a">PPAK</subfield>
    <subfield code="b">eng</subfield>
    <subfield code="c">PPAK</subfield>
    <subfield code="e">rda</subfield>
  </datafield>
  <datafield tag="082" ind1="0" ind2="4">
    <subfield code="a">305.6971051</subfield>
    <subfield code="2">23</subfield>
  </datafield>
  <datafield tag="090" ind1="0" ind2="0">
    <subfield code="a">305.6971051</subfield>
    <subfield code="b">LIU</subfield>
    <subfield code="d">G</subfield>
  </datafield>
  <datafield tag="090" ind1="0" ind2="0">
    <subfield code="a">305.6971051</subfield>
    <subfield code="b">LIU</subfield>
    <subfield code="d">R</subfield>
  </datafield>
  <datafield tag="100" ind1="1" ind2=" ">
    <subfield code="a">Liu,  Yusuf Baojun, </subfield>
    <subfield code="d">1963-</subfield>
    <subfield code="e">author.</subfield>
  </datafield>
  <datafield tag="245" ind1="1" ind2="0">
    <subfield code="a">OVERSEA CHINESE MUSLIMS :</subfield>
    <subfield code="b">The General Information on Distribution of Oversea Chinese Muslims /</subfield>
    <subfield code="c">Yusuf Liu Baojun.</subfield>
  </datafield>
  <datafield tag="250" ind1=" " ind2=" ">
    <subfield code="a">2nd edition 2018.</subfield>
  </datafield>
  <datafield tag="264" ind1=" " ind2="1">
    <subfield code="a">Shah Alam, Selangor : </subfield>
    <subfield code="b">ANZAGAIN SDN. BHD. ;</subfield>
    <subfield code="c">2004</subfield>
  </datafield>
  <datafield tag="300" ind1=" " ind2=" ">
    <subfield code="a">2 volumes (123 pages ; vi, 130 pages) </subfield>
    <subfield code="b">colour photographs ; </subfield>
    <subfield code="c">26 cm</subfield>
  </datafield>
  <datafield tag="336" ind1=" " ind2=" ">
    <subfield code="2">rdacontent</subfield>
    <subfield code="a">text</subfield>
  </datafield>
  <datafield tag="337" ind1=" " ind2=" ">
    <subfield code="2">rdamedia</subfield>
    <subfield code="a">unmediated</subfield>
  </datafield>
  <datafield tag="338" ind1=" " ind2=" ">
    <subfield code="2">rdacarrier</subfield>
    <subfield code="a">volume</subfield>
  </datafield>
  <datafield tag="504" ind1=" " ind2=" ">
    <subfield code="a"> Bibliography: page 130</subfield>
  </datafield>
  <datafield tag="650" ind1="1" ind2="0">
    <subfield code="a">Muslims</subfield>
    <subfield code="x">History </subfield>
    <subfield code="z">Non-Muslim countries </subfield>
  </datafield>
  <datafield tag="650" ind1="2" ind2="0">
    <subfield code="a">Muslim converts </subfield>
  </datafield>
  <datafield tag="650" ind1="2" ind2="0">
    <subfield code="a">Muslims </subfield>
    <subfield code="x">Social conditions </subfield>
  </datafield>
  <datafield tag="650" ind1="2" ind2="0">
    <subfield code="a">Muslims </subfield>
    <subfield code="x">History </subfield>
    <subfield code="z">China </subfield>
  </datafield>
  <datafield tag="650" ind1="2" ind2="0">
    <subfield code="a">Islam </subfield>
    <subfield code="x">History</subfield>
    <subfield code="z">China </subfield>
  </datafield>
  <datafield tag="942" ind1=" " ind2=" ">
    <subfield code="c">B</subfield>
    <subfield code="2">ddc</subfield>
  </datafield>
  <datafield tag="952" ind1=" " ind2=" ">
    <subfield code="0">0</subfield>
    <subfield code="7">0</subfield>
    <subfield code="b">PPAK</subfield>
    <subfield code="c">G</subfield>
    <subfield code="d">2019-01-02</subfield>
    <subfield code="o">305.6971051 LIU</subfield>
    <subfield code="p">A01590638</subfield>
    <subfield code="r">2019-01-02 00:00:00</subfield>
    <subfield code="y">B</subfield>
  </datafield>
  <datafield tag="952" ind1=" " ind2=" ">
    <subfield code="0">0</subfield>
    <subfield code="7">0</subfield>
    <subfield code="b">SP</subfield>
    <subfield code="c">G</subfield>
    <subfield code="d">2019-01-02</subfield>
    <subfield code="o">305.6971051 LIU</subfield>
    <subfield code="p">A01590639</subfield>
    <subfield code="r">2019-01-02 00:00:00</subfield>
    <subfield code="y">B</subfield>
  </datafield>
  <datafield tag="952" ind1=" " ind2=" ">
    <subfield code="0">0</subfield>
    <subfield code="7">0</subfield>
    <subfield code="b">JT</subfield>
    <subfield code="c">G</subfield>
    <subfield code="d">2019-01-02</subfield>
    <subfield code="o">305.6971051 LIU</subfield>
    <subfield code="p">A01590640</subfield>
    <subfield code="r">2019-01-02 00:00:00</subfield>
    <subfield code="y">B</subfield>
  </datafield>
  <datafield tag="952" ind1=" " ind2=" ">
    <subfield code="0">0</subfield>
    <subfield code="7">0</subfield>
    <subfield code="b">LW</subfield>
    <subfield code="c">G</subfield>
    <subfield code="d">2019-01-02</subfield>
    <subfield code="o">305.6971051 LIU</subfield>
    <subfield code="p">A01590641</subfield>
    <subfield code="r">2019-01-02 00:00:00</subfield>
    <subfield code="y">B</subfield>
  </datafield>
  <datafield tag="952" ind1=" " ind2=" ">
    <subfield code="0">0</subfield>
    <subfield code="7">0</subfield>
    <subfield code="b">KM</subfield>
    <subfield code="c">G</subfield>
    <subfield code="d">2019-01-02</subfield>
    <subfield code="o">305.6971051 LIU</subfield>
    <subfield code="p">A01590642</subfield>
    <subfield code="r">2019-01-02 00:00:00</subfield>
    <subfield code="y">B</subfield>
  </datafield>
  <datafield tag="952" ind1=" " ind2=" ">
    <subfield code="0">0</subfield>
    <subfield code="7">0</subfield>
    <subfield code="b">BL</subfield>
    <subfield code="c">G</subfield>
    <subfield code="d">2019-01-02</subfield>
    <subfield code="o">305.6971051 LIU</subfield>
    <subfield code="p">A01590643</subfield>
    <subfield code="r">2019-01-02 00:00:00</subfield>
    <subfield code="y">B</subfield>
  </datafield>
  <datafield tag="952" ind1=" " ind2=" ">
    <subfield code="0">0</subfield>
    <subfield code="7">0</subfield>
    <subfield code="b">BB</subfield>
    <subfield code="c">G</subfield>
    <subfield code="d">2019-01-02</subfield>
    <subfield code="o">305.6971051 LIU</subfield>
    <subfield code="p">A01590644</subfield>
    <subfield code="r">2019-01-02 00:00:00</subfield>
    <subfield code="y">B</subfield>
  </datafield>
  <datafield tag="952" ind1=" " ind2=" ">
    <subfield code="0">0</subfield>
    <subfield code="7">0</subfield>
    <subfield code="b">MR</subfield>
    <subfield code="c">G</subfield>
    <subfield code="d">2019-01-02</subfield>
    <subfield code="o">305.6971051 LIU</subfield>
    <subfield code="p">A01590645</subfield>
    <subfield code="r">2019-01-02 00:00:00</subfield>
    <subfield code="y">B</subfield>
  </datafield>
  <datafield tag="952" ind1=" " ind2=" ">
    <subfield code="0">0</subfield>
    <subfield code="7">0</subfield>
    <subfield code="b">YN</subfield>
    <subfield code="c">G</subfield>
    <subfield code="d">2019-01-02</subfield>
    <subfield code="o">305.6971051 LIU</subfield>
    <subfield code="p">A01590646</subfield>
    <subfield code="r">2019-01-02 00:00:00</subfield>
    <subfield code="y">B</subfield>
  </datafield>
  <datafield tag="952" ind1=" " ind2=" ">
    <subfield code="0">0</subfield>
    <subfield code="7">0</subfield>
    <subfield code="b">SK</subfield>
    <subfield code="c">G</subfield>
    <subfield code="d">2019-01-02</subfield>
    <subfield code="o">305.6971051 LIU</subfield>
    <subfield code="p">A01590647</subfield>
    <subfield code="r">2019-01-02 00:00:00</subfield>
    <subfield code="y">B</subfield>
  </datafield>
  <datafield tag="952" ind1=" " ind2=" ">
    <subfield code="0">0</subfield>
    <subfield code="7">0</subfield>
    <subfield code="b">KN</subfield>
    <subfield code="c">G</subfield>
    <subfield code="d">2019-01-02</subfield>
    <subfield code="o">305.6971051 LIU</subfield>
    <subfield code="p">A01590648</subfield>
    <subfield code="r">2019-01-02 00:00:00</subfield>
    <subfield code="y">B</subfield>
  </datafield>
  <datafield tag="952" ind1=" " ind2=" ">
    <subfield code="0">0</subfield>
    <subfield code="7">0</subfield>
    <subfield code="b">PPAK</subfield>
    <subfield code="c">G</subfield>
    <subfield code="d">2019-01-02</subfield>
    <subfield code="o">305.6971051 LIU</subfield>
    <subfield code="p">A01590637</subfield>
    <subfield code="r">2019-01-02 00:00:00</subfield>
    <subfield code="y">B</subfield>
  </datafield>
  <datafield tag="952" ind1=" " ind2=" ">
    <subfield code="0">0</subfield>
    <subfield code="7">0</subfield>
    <subfield code="b">PG</subfield>
    <subfield code="c">G</subfield>
    <subfield code="d">2019-02-14</subfield>
    <subfield code="o">305.6971051 LIU</subfield>
    <subfield code="p">A01592529</subfield>
    <subfield code="r">2019-02-14 00:00:00</subfield>
    <subfield code="y">B</subfield>
  </datafield>
  <datafield tag="952" ind1=" " ind2=" ">
    <subfield code="0">0</subfield>
    <subfield code="7">0</subfield>
    <subfield code="b">SP</subfield>
    <subfield code="c">G</subfield>
    <subfield code="d">2019-01-02</subfield>
    <subfield code="o">305.6971051 LIU</subfield>
    <subfield code="p">A01112465</subfield>
    <subfield code="r">2021-04-10 00:00:00</subfield>
    <subfield code="y">B</subfield>
  </datafield>
  <datafield tag="952" ind1=" " ind2=" ">
    <subfield code="0">0</subfield>
    <subfield code="7">0</subfield>
    <subfield code="b">SP</subfield>
    <subfield code="c">G</subfield>
    <subfield code="d">2019-01-02</subfield>
    <subfield code="l">1</subfield>
    <subfield code="o">305.6971051 LIU</subfield>
    <subfield code="p">A01130161</subfield>
    <subfield code="r">2022-07-17 00:00:00</subfield>
    <subfield code="s">2022-06-26</subfield>
    <subfield code="y">B</subfield>
  </datafield>
  <datafield tag="952" ind1=" " ind2=" ">
    <subfield code="0">0</subfield>
    <subfield code="7">1</subfield>
    <subfield code="b">MR</subfield>
    <subfield code="c">R</subfield>
    <subfield code="d">2019-01-02</subfield>
    <subfield code="o">R 305.6971051 LIU</subfield>
    <subfield code="p">A01112464</subfield>
    <subfield code="r">2021-04-17 00:00:00</subfield>
    <subfield code="y">B</subfield>
  </datafield>
  <datafield tag="952" ind1=" " ind2=" ">
    <subfield code="0">0</subfield>
    <subfield code="7">0</subfield>
    <subfield code="b">MR</subfield>
    <subfield code="c">G</subfield>
    <subfield code="d">2019-01-02</subfield>
    <subfield code="o">305.6971051 LIU</subfield>
    <subfield code="p">A01112463</subfield>
    <subfield code="r">2021-04-17 00:00:00</subfield>
    <subfield code="y">B</subfield>
  </datafield>
  <datafield tag="952" ind1=" " ind2=" ">
    <subfield code="0">0</subfield>
    <subfield code="7">1</subfield>
    <subfield code="b">BL</subfield>
    <subfield code="c">R</subfield>
    <subfield code="d">2019-01-02</subfield>
    <subfield code="o">R 305.6971051 LIU</subfield>
    <subfield code="p">A01112472</subfield>
    <subfield code="r">2021-04-19 00:00:00</subfield>
    <subfield code="y">B</subfield>
  </datafield>
  <datafield tag="952" ind1=" " ind2=" ">
    <subfield code="0">0</subfield>
    <subfield code="7">1</subfield>
    <subfield code="b">BL</subfield>
    <subfield code="c">R</subfield>
    <subfield code="d">2019-01-02</subfield>
    <subfield code="o">R 305.6971051 LIU</subfield>
    <subfield code="p">A01130164</subfield>
    <subfield code="r">2021-04-19 00:00:00</subfield>
    <subfield code="y">B</subfield>
  </datafield>
  <datafield tag="952" ind1=" " ind2=" ">
    <subfield code="0">0</subfield>
    <subfield code="7">1</subfield>
    <subfield code="b">YN</subfield>
    <subfield code="c">R</subfield>
    <subfield code="d">2019-01-02</subfield>
    <subfield code="l">0</subfield>
    <subfield code="o">R 305.6971051 LIU</subfield>
    <subfield code="p">A01112469</subfield>
    <subfield code="r">2021-10-27 00:00:00</subfield>
    <subfield code="y">B</subfield>
  </datafield>
</record>
